| 000 | 00721cam a22002412 4500 | ||
|---|---|---|---|
| 001 | 1661 | ||
| 003 | BD-RjUL | ||
| 005 | 20211208233401.0 | ||
| 008 | 131208s1967 nyua 001 0 eng | ||
| 035 | _a(BD-RjUL)1688 | ||
| 040 |
_aBD-RjUL _beng _cBD-RjUL |
||
| 041 | _aeng | ||
| 082 |
_219 _a150 _bDYR 1967 |
||
| 100 | 1 |
_aDyal, James A. _q(James Albert), _d1928- _95497 |
|
| 245 | 1 | 0 |
_aReadings in psychology : _bunderstanding human behavior / _cJames A. Dyal. |
| 250 | _a2nd ed. | ||
| 260 |
_aNew York ; _aLondon : _bMcGraw-Hill, _cc1967. |
||
| 300 |
_axi, 500 p. ; _c23 cm. |
||
| 504 | _aIncludes bibliographical references and index. | ||
| 650 | 0 |
_aPsychology. _95498 |
|
| 650 | 0 |
_aHuman behavior. _93692 |
|
| 942 |
_2ddc _cBK |
||
| 999 |
_c1661 _d1661 |
||